000 00987cab a2200253 4500
001 ABS68590
008 041220n2004 000 0 eng u
035 _a(Sirsi) u128368
100 _aCunningham, C.
245 4 _aThe four Ps... another piece of the jigsaw
260 _c2004
490 _aWastes Management
_vDecember 2004, 28-30(3)
520 _aThe Waste Management Procurement Pack, was issued by the Public Private Partnerships Programme (4Ps) in July 2004. The pack, including guidance, is designed to make waste management projects under the private finance initiative easier for local authorities and private sector bidders.
590 _aABS
650 _aWASTE MANAGEMENT PROCUREMENT PACK
650 _aWASTE MANAGEMENT PROJECTS
650 _aPFI
650 _aPUBLIC PRIVATE PARTNERSHIPS
650 _aLOCAL AUTHORITIES
650 _aPRIVATE SECTOR
690 _aENVIRONMENTAL AND LAND CONSULTANCY-WASTE MANAGEMENT
700 _aCharles, S.
942 _n0
999 _c74685
_d74685